Broadband Tactical Antenna / (Record no. 615221)
[ view plain ]
| 000 -LEADER | |
|---|---|
| fixed length control field | 00434nam a2200145 4500 |
| 003 - CONTROL NUMBER IDENTIFIER | |
| control field | NUST |
| 082 ## - DEWEY DECIMAL CLASSIFICATION NUMBER | |
| Classification number | 621.382,SHA |
| 100 ## - MAIN ENTRY--PERSONAL NAME | |
| Personal name | Shafi, Muhammad Danial (TE-45) |
| 9 (RLIN) | 131500 |
| 245 ## - TITLE STATEMENT | |
| Title | Broadband Tactical Antenna / |
| Statement of responsibility, etc. | Muhammad Danial Shafi, Tariq Nazir, Imran Khaliq and Avaiz Khan Jadoon |
| 260 ## - PUBLICATION, DISTRIBUTION, ETC. | |
| Place of publication, distribution, etc. | Rawalpindi |
| Name of publisher, distributor, etc. | MCS (NUST) |
| Date of publication, distribution, etc. | 2012 |
| 300 ## - PHYSICAL DESCRIPTION | |
| Extent | x,36 p.; |
| 650 ## - SUBJECT ADDED ENTRY--TOPICAL TERM | |
| Topical term or geographic name entry element | UG Project |
| 9 (RLIN) | 131132 |
| 651 ## - SUBJECT ADDED ENTRY--GEOGRAPHIC NAME | |
| Geographic name | TE-45 |
| 9 (RLIN) | 131501 |
| 942 ## - ADDED ENTRY ELEMENTS (KOHA) | |
| Source of classification or shelving scheme | |
| Koha item type | Project Report |
| Withdrawn status | Lost status | Source of classification or shelving scheme | Damaged status | Not for loan | Permanent Location | Current Location | Shelving location | Date acquired | Total Checkouts | Full call number | Barcode | Date last seen | Price effective from | Koha item type | Public note |
|---|---|---|---|---|---|---|---|---|---|---|---|---|---|---|---|
| Military College of Signals (MCS) | Military College of Signals (MCS) | Reference | 10/23/2025 | 621.382,SHA | MCSPTE-210 | 10/23/2025 | 10/23/2025 | Project Report | Almirah No.90, Shelf No.4 |
